|
|
|
|
| LEADER |
00000naa2a2200000 4500 |
| 001 |
128333 |
| 005 |
20231031132707.0 |
| 035 |
|
|
|a (RuTPU)RU\TPU\book\138810
|
| 090 |
|
|
|a 128333
|
| 100 |
|
|
|a 20071226d2007 k y0rusy50 ca
|
| 101 |
0 |
|
|a rus
|
| 102 |
|
|
|a RU
|
| 200 |
1 |
|
|a Содержание марганца в торфе месторождения "Семиозёрье"
|f Е. А. Рамих
|g науч. рук. В. С. Архипов
|
| 320 |
|
|
|a Библиогр.: 3 назв.
|
| 461 |
|
0 |
|0 (RuTPU)RU\TPU\book\132777
|t Проблемы геологии и освоения недр
|o труды X Международного симпозиума имени академика М. А. Усова студентов и молодых ученых, посвященного 100-летию первого выпуска сибирских инженеров и 110-летию основания ТПУ; г. Томск, 3-8 апреля 2006 г.
|f Томский политехнический университет (ТПУ); Институт геологии и нефтегазового дела; под ред. В. А. Домаренко
|d 2007
|
| 463 |
|
0 |
|0 (RuTPU)RU\TPU\book\93778
|t Т. 3
|v С. 178-180
|d 2007
|p 244 с.
|
| 610 |
1 |
|
|a марганец
|
| 610 |
1 |
|
|a торф
|
| 610 |
1 |
|
|a месторождения
|
| 610 |
1 |
|
|a Семиозёрье
|
| 610 |
1 |
|
|a почва
|
| 610 |
1 |
|
|a микроэлементы
|
| 610 |
1 |
|
|a труды учёных ТПУ
|
| 700 |
|
1 |
|a Рамих
|b Е. А.
|
| 702 |
|
1 |
|a Архипов
|b В. С.
|c химик-технолог
|c доцент Томского политехнического университета, кандидат химических наук
|f 1939-
|g Виктор Сергеевич
|2 stltpush
|3 (RuTPU)RU\TPU\pers\24792
|4 727
|
| 801 |
|
1 |
|a RU
|b 63413507
|c 20071226
|g PSBO
|
| 801 |
|
2 |
|a RU
|b 63413507
|c 20150205
|g RCR
|
| 942 |
|
|
|c BK
|